[Event "AUTO-MASTER-2112"]
[Site "http://www.queenalice.com/game.php?id=1324326"]
[Date "2014.11.26"]
[Round "2"]
[White "Tromat"]
[Black "gacer"]
[Result "1-0"]
[WhiteElo "2454"]
[BlackElo "2137"]

1. e4 e5 2. Nf3 Nc6 3. Bc4 Nf6 4. d3 Be7 5. c3 O-O 6. O-O d6 7. h3 Na5 8. Bb5 a6
9. Ba4 b5 10. Bc2 c5 11. Nbd2 Re8 12. Re1 Bf8 13. Nf1 h6 14. Ng3 Qc7 15. Nh4 g6
16. Be3 Kh7 17. f4 exf4 18. Bxf4 g5 19. e5 dxe5 20. Bxe5 Rxe5 21. Rxe5 gxh4 22.
Qf3 hxg3 23. Qxf6 Bg7 24. d4+ Kg8 25. Re8+ 1-0

[Event "AUTO-ELITE-1365"]
[Site "http://www.queenalice.com/game.php?id=1327028"]
[Date "2014.12.9"]
[Round "2"]
[White "artur59"]
[Black "Tromat"]
[Result "1/2-1/2"]
[WhiteElo "2682"]
[BlackElo "2496"]

1. d4 d5 2. c4 c6 3. Nf3 Nf6 4. Nc3 e6 5. Bg5 dxc4 6. e4 b5 7. e5 h6 8. Bh4 g5
9. Nxg5 hxg5 10. Bxg5 Nbd7 11. exf6 Bb7 12. g3 c5 13. d5 Qb6 14. Bg2 O-O-O 15.
O-O b4 16. Na4 Qb5 17. a3 Nb8 18. axb4 cxb4 19. Qd4 Nc6 20. dxc6 Rxd4 21. cxb7+
Kb8 22. Be3 e5 23. b3 c3 24. Rfd1 Bh6 25. Bxd4 exd4 26. Rxd4 c2 27. Rc4 Qxc4 28.
bxc4 Rd8 29. Bf3 c1=Q+ 30. Rxc1 Bxc1 31. Nc5 Rd6 1/2-1/2

[Event "AUTO-ELITE-1365"]
[Site "http://www.queenalice.com/game.php?id=1327029"]
[Date "2014.12.9"]
[Round "2"]
[White "Tromat"]
[Black "artur59"]
[Result "0-1"]
[WhiteElo "2517"]
[BlackElo "2690"]

1. e4 c5 2. Nc3 Nc6 3. f4 e6 4. Nf3 d5 5. Bb5 Ne7 6. Qe2 d4 7. Nd1 a6 8. Bxc6+
Nxc6 9. d3 f6 10. Nf2 Be7 11. g4 Qb6 12. b3 O-O 13. h4 Qc7 14. g5 f5 15. h5 b5
16. Bd2 Bd6 17. e5 Be7 18. h6 g6 19. Nd1 Bb7 20. Rf1 Rfd8 21. a3 c4 22. dxc4 Na5
23. Nb2 Be4 24. Kf2 d3 25. Qe1 Nc6 26. cxd3 Bxf3 27. Kxf3 bxc4 0-1

[Event "AUTO-ELITE-1373"]
[Site "http://www.queenalice.com/game.php?id=1329822"]
[Date "2014.12.22"]
[Round "2"]
[White "Tromat"]
[Black "powerrangel"]
[Result "1/2-1/2"]
[WhiteElo "2495"]
[BlackElo "2561"]

1. e4 c5 2. c4 d6 3. Ne2 Nf6 4. Nbc3 g6 5. g3 Bg7 6. Bg2 Nc6 7. O-O O-O 8. d3 a6
9. h3 Rb8 10. Be3 b5 11. b3 b4 12. Na4 Bd7 13. f4 Na5 14. e5 Ne8 15. Rb1 Bxa4
16. bxa4 Qc7 17. exd6 Nxd6 18. g4 e6 19. Qe1 Rbd8 20. Rd1 Ndb7 21. f5 exf5 22.
gxf5 Rfe8 23. Bg5 Rd6 24. f6 Qd8 25. Qf2 Bf8 1/2-1/2

[Event "AUTO-ELITE-1373"]
[Site "http://www.queenalice.com/game.php?id=1329823"]
[Date "2014.12.22"]
[Round "2"]
[White "powerrangel"]
[Black "Tromat"]
[Result "1-0"]
[WhiteElo "2572"]
[BlackElo "2506"]

1. e4 d5 2. exd5 Qxd5 3. Nc3 Qa5 4. d4 Nf6 5. Bc4 Bf5 6. Nf3 Nbd7 7. Bd2 c6 8.
Qe2 Qc7 9. O-O-O e6 10. Nh4 Bg6 11. Nxg6 hxg6 12. d5 cxd5 13. Nxd5 Nxd5 14. Bxd5
Be7 15. Be4 O-O-O 16. Kb1 g5 17. h3 Kb8 18. Rhe1 a6 19. Bc1 f6 20. c3 e5 21. f3
Bc5 22. Rd3 Nb6 23. Red1 Rxd3 24. Rxd3 Nc4 25. Qd1 Nd6 26. Bg6 Qb6 27. a4 a5 28.
Rd5 Kc7 29. Rd2 1-0

[Event "AUTO-OPEN-3240"]
[Site "http://www.queenalice.com/game.php?id=1330407"]
[Date "2014.12.24"]
[Round "3"]
[White "Tromat"]
[Black "Sexxy_Bunny"]
[Result "1/2-1/2"]
[WhiteElo "2463"]
[BlackElo "2639"]

1. e4 c5 2. Nc3 Nc6 3. f4 g6 4. Nf3 Bg7 5. Bb5 Nd4 6. Bc4 e6 7. e5 d5 8. Nxd4
cxd4 9. Bb5+ Bd7 10. Bxd7+ Qxd7 11. Ne2 f6 12. Nxd4 fxe5 13. fxe5 Bxe5 14. Nf3
Bg7 15. O-O Nf6 16. Qe2 O-O 17. c3 Rae8 18. d4 Ne4 19. Be3 Rf5 20. Rae1 Qa4 21.
a3 Qc6 22. Nd2 Nd6 23. Bf4 Rxf4 24. Rxf4 e5 25. Rff1 exd4 26. Qf2 1/2-1/2

[Event "AUTO-OPEN-3240"]
[Site "http://www.queenalice.com/game.php?id=1330408"]
[Date "2014.12.24"]
[Round "3"]
[White "Sexxy_Bunny"]
[Black "Tromat"]
[Result "1/2-1/2"]
[WhiteElo "2620"]
[BlackElo "2477"]

1. e4 d5 2. exd5 Qxd5 3. Nc3 Qa5 4. d4 Nf6 5. Nf3 Bf5 6. Bc4 e6 7. Bd2 c6 8. Qe2
Bb4 9. O-O-O Nbd7 10. a3 Bxc3 11. Bxc3 Qc7 12. Ne5 Nxe5 13. dxe5 Nd5 14. Bd2
O-O-O 15. g4 Bg6 16. f4 h5 17. h3 Qb6 18. Rhf1 hxg4 19. hxg4 Qc5 20. Bb3 Rh3 21.
Rf3 Rdh8 22. Rdf1 Rh2 23. Qe1 Re8 24. R1f2 Be4 25. Rxh2 Bxf3 26. Kb1 Qd4 27. c3
Be4+ 28. Ka2 Qd3 29. c4 Nb6 30. Bc3 Bg6 31. Rg2 Qf3 32. Qf2 Qxf2 33. Rxf2 Bd3
34. f5 exf5 35. gxf5 g5 36. fxg6 fxg6 37. Rg2 Nd7 38. Rd2 Nc5 39. Bb4 Nxb3 40.
Kxb3 Bf5 41. Bd6 Rh8 1/2-1/2

[Event "Tromat"]
[Site "http://www.queenalice.com/game.php?id=1331197"]
[Date "2014.12.28"]
[Round "3"]
[White "Tromat"]
[Black "bmax1968"]
[Result "1-0"]
[WhiteElo "2444"]
[BlackElo "2210"]

1. e4 d6 2. d4 Nf6 3. Nc3 Nbd7 4. Be2 e5 5. Nf3 Be7 6. O-O O-O 7. h3 c6 8. a4 a5
9. Be3 Rb8 10. Qd2 b6 11. g4 h6 12. Rad1 b5 13. axb5 cxb5 14. dxe5 dxe5 15. Nxb5
Nxe4 16. Qd5 Nef6 17. Qa2 Ba6 18. c4 e4 19. Nfd4 Bc5 20. Nc6 Qb6 21. Bxc5 Qxc5
22. Nxb8 Nxb8 23. Qxa5 e3 24. Qc7 exf2+ 25. Rxf2 Qxc7 26. Nxc7 Bb7 27. Bf3 Bxf3
28. Rxf3 Nc6 29. Nd5 1-0

[Event "AUTO-OPEN-3237"]
[Site "http://www.queenalice.com/game.php?id=1338545"]
[Date "2015.1.31"]
[Round "3"]
[White "viennawaltz"]
[Black "Tromat"]
[Result "0-1"]
[WhiteElo "2424"]
[BlackElo "2500"]

1. c4 e5 2. Nc3 f5 3. d4 exd4 4. Qxd4 Nc6 5. Qd3 d6 6. Nf3 Nf6 7. Bf4 Be7 8. g3
Nh5 9. Bd2 Ne5 10. Nxe5 dxe5 11. Nd5 Bd6 12. Bc3 c6 13. Ne3 e4 14. Qd4 Qe7 15.
O-O-O Bc7 16. Qd2 a5 17. Kb1 O-O 18. Qc2 Bb6 19. Bh3 a4 20. a3 Bxe3 21. fxe3 Be6
22. Be5 Rfe8 23. Rhf1 g6 24. Bd6 Qg5 25. Qc3 b5 26. c5 Bc4 27. Rd2 Re6 28. Bf4
Nxf4 29. exf4 Qh6 30. Bg2 Qf8 31. Qe3 Rd8 32. Rfd1 Rd5 33. Bf1 Qxc5 34. Qxc5
Rxc5 35. e3 Bxf1 36. Rxf1 Rd5 0-1

[Event "AUTO-OPEN-3237"]
[Site "http://www.queenalice.com/game.php?id=1338546"]
[Date "2015.1.31"]
[Round "3"]
[White "Tromat"]
[Black "viennawaltz"]
[Result "1-0"]
[WhiteElo "2488"]
[BlackElo "2423"]

1. e4 e6 2. Qe2 c5 3. f4 Nf6 4. Nf3 Nc6 5. g3 d5 6. e5 Nd7 7. d3 Be7 8. Bg2 b5
9. O-O O-O 10. c3 b4 11. c4 Nb6 12. Be3 Bb7 13. Nbd2 Rc8 14. Bf2 Qd7 15. cxd5
exd5 16. Rfc1 Na4 17. Qf1 Nd8 18. a3 a5 19. axb4 axb4 20. Bh3 Ne6 21. f5 Ng5 22.
Nxg5 Bxg5 23. Nf3 Bh6 24. f6 Qb5 25. e6 Ra8 26. Ne5 gxf6 27. Nxf7 Bxc1 28. Bf5
Rxf7 29. exf7+ Kxf7 30. Qh3 Rh8 31. Qh5+ Kg7 32. Rxc1 Qe8 33. Qg4+ Kf7 34. Re1
1-0

[Event "AUTO-MASTER-2118"]
[Site "http://www.queenalice.com/game.php?id=1349364"]
[Date "2015.3.23"]
[Round "2"]
[White "tucot"]
[Black "Tromat"]
[Result "0-1"]
[WhiteElo "2257"]
[BlackElo "2485"]

1. e4 d5 2. Nc3 d4 3. Nce2 c5 4. Ng3 Nc6 5. Bc4 Nf6 6. f4 h5 7. e5 h4 8. exf6
hxg3 9. fxg7 Bxg7 10. h3 Bf5 11. d3 b5 12. Bb3 c4 13. dxc4 bxc4 14. Bxc4 Nb4 15.
Bd3 Qa5 16. Kf1 Bxd3+ 17. cxd3 Qa6 0-1

[Event "AUTO-MASTER-2118"]
[Site "http://www.queenalice.com/game.php?id=1349365"]
[Date "2015.3.23"]
[Round "2"]
[White "Tromat"]
[Black "tucot"]
[Result "0-1"]
[WhiteElo "2491"]
[BlackElo "2272"]

1. e4 e5 2. Nf3 Nc6 3. Bc4 Bc5 4. c3 Nf6 5. d3 a6 6. Bb3 d6 7. h3 Qe7 8. O-O h6
9. Re1 Be6 10. Bc2 Bb6 11. Nbd2 O-O-O 12. Nf1 g5 13. Be3 g4 14. hxg4 Rdg8 15.
Bxb6 cxb6 16. d4 Bxg4 17. d5 Nb8 18. Qd3 Nbd7 19. N3h2 Nc5 20. Qe3 Kb8 21. b4
Ncd7 22. c4 h5 23. Kh1 h4 0-1

[Event "AUTO-ELITE-1364"]
[Site "http://www.queenalice.com/game.php?id=1358792"]
[Date "2015.5.10"]
[Round "2"]
[White "Tromat"]
[Black "artur59"]
[Result "0-1"]
[WhiteElo "2510"]
[BlackElo "2699"]

1. Nf3 d5 2. g3 c6 3. Bg2 Nf6 4. d3 Bg4 5. O-O Nbd7 6. Nbd2 e5 7. e4 dxe4 8.
dxe4 Bc5 9. c3 h6 10. Nc4 Qc7 11. b4 Be7 12. Ne3 Be6 0-1

[Event "AUTO-ELITE-1364"]
[Site "http://www.queenalice.com/game.php?id=1358793"]
[Date "2015.5.10"]
[Round "2"]
[White "artur59"]
[Black "Tromat"]
[Result "1-0"]
[WhiteElo "2695"]
[BlackElo "2514"]

1. e4 d5 2. exd5 Qxd5 3. Nc3 Qa5 4. d4 Nf6 5. Nf3 Bf5 6. Bc4 e6 7. Bd2 c6 8. Qe2
Bb4 9. O-O-O Nbd7 10. a3 Bxc3 11. Bxc3 Qc7 12. Ne5 Nxe5 13. dxe5 Nd5 14. Bd2
O-O-O 15. h3 1-0

[Event "Tromat"]
[Site "http://www.queenalice.com/game.php?id=1362919"]
[Date "2015.6.1"]
[Round "4"]
[White "Matrim"]
[Black "Tromat"]
[Result "1-0"]
[WhiteElo "2037"]
[BlackElo "2436"]

1. e4 d5 2. exd5 Qxd5 3. Nc3 Qa5 4. d4 Nf6 5. Nf3 Bf5 6. Bc4 e6 7. Bd2 c6 8. Nd5
Qd8 9. Nxf6+ gxf6 10. O-O Rg8 11. Re1 Nd7 12. c3 1-0